000 00727nam a2200253Ia 4500
003 OSt
005 20220928115707.0
006 a|||||r|||| 00| 0
007 ta
008 220927b |||||||| |||| 00| 0 eng d
024 _a71893
037 _cTextual
040 _aSDCL
_cSDCL
_beng
041 _2eng
_aeng
082 _aL:424f, P4 RR
100 _aDe La Maza Luis M
_9445582
245 0 _aColor atlas of medical bacteriology .
260 _aWashington
_bASM Press
_c2004
300 _axi,316p
_ccm.
650 _aMedical Bacteriology
_9445583
700 _a Pezzlo Marie T
_9445584
942 _hL:424f, P4 RR
_cTEXL
_2CC
999 _c760505
_d760505